[Event "SVK-chT2C 1718"]
[Site "Slovakia"]
[Date "2018.03.17"]
[Round "10.6"]
[White "Brnusak, Tomas"]
[Black "Uhrincat, Ivan"]
[Result "0-1"]
[WhiteElo "1955"]
[BlackElo "1963"]
[PlyCount "131"]
[EventDate "2017.10.28"]
[EventType "team-tourn"]
[EventRounds "11"]
[EventCountry "SVK"]
[SourceTitle "EXT 2020"]
[Source "ChessBase"]
[SourceDate "2019.10.17"]
[SourceVersion "1"]
[SourceVersionDate "2019.10.17"]
[SourceQuality "1"]
[WhiteTeam "Liptov Chess School III"]
[BlackTeam "Banska Bystrica Kurta"]
[WhiteTeamCountry "SVK"]
[BlackTeamCountry "SVK"]

1. d4 Nf6 2. c4 g6 3. Nc3 d5 4. Qb3 dxc4 5. Qxc4 c6 6. e4 Nbd7 7. Nf3 Nb6 8. Qd3 Be6 9. b3 Bg7 10. Be2 0-0 11. 0-0 a5 12. Be3 Ng4 13. Bf4 a4 14. h3 Nf6 15. Ng5 Bd7 16. Rfd1 axb3 17. axb3 h6 18. Nf3 Be6 19. Rab1 Ra3 20. Qc2 Qa8 21. Ne5 Rd8 22. Nc4 Nxc4 23. bxc4 Qa5 24. Rb3 Rxb3 25. Qxb3 b5 26. Qb2 b4 27. Na2 Nxe4 28. Nxb4 Rxd4 29. Rxd4 c5 30. Nc6 Qe1+ 31. Kh2 cxd4 32. Nxe7+ Kh7 33. Qb8 f5 34. Qe8 Qxf2 35. Qxg6+ Kh8 36. Bb8 f4 37. Bh5 Qg3+ 38. Qxg3 fxg3+ 39. Bxg3 Bxc4 40. Bg6 Nxg3 41. Kxg3 d3 42. Kf3 Bf6 43. Nf5 d2 44. Ne3 Bg5 45. Bc2 Bb5 46. g3 h5 47. h4 Bh6 48. Nf5 Bf8 49. Bd1 Bd7 50. Ne3 Kg7 51. Nf1 Bg4+ 52. Kg2 Bxd1 53. Nxd2 Bc5 54. Ne4 Bd4 55. Nf2 Bxf2 56. Kxf2 Kf6 57. Ke3 Ke5 58. Kd2 Bf3 59. Ke3 Bg4 60. Kd3 Be6 61. Ke3 Kf5 62. Kd4 Kg4 63. Ke5 Kxg3 64. Kxe6 Kxh4 65. Ke5 Kg3 66. Ke4 0-1

[Event "SVK-chT2C 1617"]
[Site "Slovakia"]
[Date "2016.12.04"]
[Round "6.4"]
[White "Halak, Miklos"]
[Black "Uhrincat, Ivan"]
[Result "1-0"]
[WhiteElo "2173"]
[BlackElo "1987"]
[PlyCount "79"]
[EventDate "2016.10.08"]
[EventType "team-tourn"]
[EventRounds "11"]
[EventCountry "SVK"]
[SourceTitle "EXT 2018"]
[Source "ChessBase"]
[SourceDate "2017.10.13"]
[SourceVersion "1"]
[SourceVersionDate "2017.10.13"]
[SourceQuality "1"]
[WhiteTeam "Cebovce"]
[BlackTeam "Banska Bystrica Kurta"]
[WhiteTeamCountry "SVK"]
[BlackTeamCountry "SVK"]

1. e4 c5 2. Nf3 d6 3. d4 cxd4 4. Qxd4 Nc6 5. Bb5 Bd7 6. Qd3 g6 7. c4 Bg7 8. 0-0 Nf6 9. h3 0-0 10. Nc3 Rc8 11. Be3 a6 12. Bxc6 Bxc6 13. Nd4 Nd7 14. Rfd1 Ne5 15. Qe2 Bd7 16. b3 Nc6 17. Qd2 Nxd4 18. Bxd4 Bxd4 19. Qxd4 Bc6 20. Rac1 Qa5 21. Rc2 Qc5 22. Qxc5 dxc5 23. Nd5 Rfe8 24. f3 Kg7 25. e5 h5 26. h4 Rcd8 27. Rcd2 Rd7 28. Nb6 Rxd2 29. Rxd2 f6 30. e6 f5 31. Nd7 Rd8 32. Kf2 b6 33. Ke3 Bxd7 34. Rxd7 Rb8 35. Rxe7+ Kf6 36. Ra7 a5 37. e7 Re8 38. Kf4 Rxe7 39. Rxe7 Kxe7 40. Ke5 1-0

[Event "SVK-chT2C 1415"]
[Site "Slovakia"]
[Date "2014.12.07"]
[Round "6.4"]
[White "Uhrincat, Ivan"]
[Black "Bella, Julius"]
[Result "0-1"]
[WhiteElo "2014"]
[BlackElo "1855"]
[PlyCount "127"]
[EventDate "2014.10.11"]
[EventType "team-tourn"]
[EventRounds "11"]
[EventCountry "SVK"]
[SourceTitle "EXT 2016"]
[Source "ChessBase"]
[SourceDate "2015.10.08"]
[SourceVersion "1"]
[SourceVersionDate "2015.10.08"]
[SourceQuality "1"]
[WhiteTeam "Banska Bystrica Kurta"]
[BlackTeam "Podbrezova ZP Sport"]
[WhiteTeamCountry "SVK"]
[BlackTeamCountry "SVK"]

1. d4 Nf6 2. c4 g6 3. Nc3 Bg7 4. e4 d6 5. Be2 0-0 6. Bg5 h6 7. Be3 Nbd7 8. Qd2 Kh7 9. h4 e5 10. d5 Nc5 11. f3 Nh5 12. g4 Ng3 13. Rh2 Nxe2 14. Ngxe2 f5 15. gxf5 gxf5 16. 0-0-0 b6 17. Rg1 f4 18. Bf2 Rg8 19. Rhg2 Bd7 20. Kc2 Be8 21. Nc1 Bh5 22. Qe2 Qe7 23. Be1 Bf6 24. Rxg8 Rxg8 25. Rxg8 Kxg8 26. Qg2+ Qg7 27. Qf1 Kh7 28. b4 Nd7 29. Nb5 Nf8 30. Nd3 a6 31. Na7 Be8 32. Nc6 h5 33. Bf2 Ng6 34. Qh3 Bd7 35. Qh1 Bxc6 36. dxc6 Qe7 37. c5 dxc5 38. bxc5 Qe6 39. Kb1 Qxc6 40. cxb6 cxb6 41. Qh3 Ne7 42. Qf1 Qc4 43. Qd1 Ng6 44. Nb2 Qe6 45. Qe1 b5 46. Nd3 Qe7 47. Qa5 Qd6 48. Kc2 Bxh4 49. Bc5 Qc6 50. Kd2 Bf6 51. Bb6 Nh4 52. Ne1 Be7 53. Ke2 Qc4+ 54. Kf2 Bb4 55. Qxa6 Bxe1+ 56. Kxe1 Qc1+ 57. Ke2 Qc2+ 58. Ke1 Nxf3+ 59. Kf1 Nh2+ 60. Ke1 Qc1+ 61. Ke2 f3+ 62. Kd3 Qc4+ 63. Kd2 Nf1+ 64. Ke1 0-1

[Event "SVK-chT2C 1415"]
[Site "Slovakia"]
[Date "2014.11.08"]
[Round "3.4"]
[White "Uhrincat, Ivan"]
[Black "Kerdik, Adam"]
[Result "1-0"]
[WhiteElo "2014"]
[BlackElo "1997"]
[PlyCount "155"]
[EventDate "2014.10.11"]
[EventType "team-tourn"]
[EventRounds "11"]
[EventCountry "SVK"]
[SourceTitle "EXT 2016"]
[Source "ChessBase"]
[SourceDate "2015.10.08"]
[SourceVersion "1"]
[SourceVersionDate "2015.10.08"]
[SourceQuality "1"]
[WhiteTeam "Banska Bystrica Kurta"]
[BlackTeam "Liptov Chess School III"]
[WhiteTeamCountry "SVK"]
[BlackTeamCountry "SVK"]

1. d4 Nf6 2. c4 e6 3. Nc3 Bb4 4. e3 0-0 5. Nge2 d5 6. a3 Be7 7. Nf4 c6 8. Bd3 Nbd7 9. 0-0 dxc4 10. Bxc4 e5 11. Nd3 exd4 12. exd4 Nb6 13. Ne5 Nxc4 14. Nxc4 Be6 15. Ne5 Qb6 16. b4 Rfd8 17. Be3 a5 18. Na4 Qc7 19. Nc5 Bd5 20. f3 b6 21. Ncd3 Nd7 22. Nxd7 Qxd7 23. Qc2 Qf5 24. Qc3 Bd6 25. Bf2 Qh5 26. Bg3 Bxg3 27. hxg3 Qg5 28. Kf2 Rd6 29. Nf4 a4 30. Rae1 f6 31. Re7 Rad8 32. Qe3 Bf7 33. Re1 h6 34. Rxf7 Kxf7 35. Qe7+ Kg8 36. Ne6 R6d7 37. Nxg5 Rxe7 38. Rxe7 hxg5 39. Ke3 Rd6 40. g4 Kf8 41. Ra7 b5 42. Rc7 g6 43. Ke4 Re6+ 44. Kd3 Rd6 45. g3 Kg8 46. f4 gxf4 47. gxf4 Kf8 48. g5 f5 49. Kc3 Kg8 50. d5 Rxd5 51. Rxc6 Kf7 52. Rc7+ Kf8 53. Rc5 Rd1 54. Rxb5 Rf1 55. Kd4 Rxf4+ 56. Ke5 Rc4 57. Ra5 f4 58. Ra6 Rc3 59. Kxf4 Rxa3 60. Ke5 Rf3 61. Rxg6 a3 62. Ra6 Rb3 63. Kf6 Rf3+ 64. Ke6 Rb3 65. Kf6 Rf3+ 66. Kg6 Rb3 67. Ra8+ Ke7 68. Kg7 Rxb4 69. Rxa3 Rg4 70. Re3+ Kd7 71. g6 Rg2 72. Kf7 Rf2+ 73. Kg8 Rg2 74. g7 Kd8 75. Re4 Kd7 76. Kf7 Rf2+ 77. Kg6 Rg2+ 78. Kf6 1-0

[Event "SVK-chT2C 1314"]
[Site "Slovakia"]
[Date "2014.02.01"]
[Round "7.6"]
[White "Rusnak, Michal"]
[Black "Uhrincat, Ivan"]
[Result "0-1"]
[WhiteElo "1929"]
[BlackElo "2028"]
[PlyCount "38"]
[EventDate "2013.10.19"]
[EventType "team-tourn"]
[EventRounds "11"]
[EventCountry "SVK"]
[SourceTitle "EXT 2015"]
[Source "ChessBase"]
[SourceDate "2014.11.20"]
[SourceVersion "1"]
[SourceVersionDate "2014.11.20"]
[SourceQuality "1"]
[WhiteTeam "Zilina DMS"]
[BlackTeam "Banska Bystrica Kurta"]
[WhiteTeamCountry "SVK"]
[BlackTeamCountry "SVK"]

1. e4 c5 2. c3 d5 3. exd5 Nf6 4. Bb5+ Nbd7 5. c4 a6 6. Bxd7+ Bxd7 7. d4 Qb6 8. dxc5 Qxc5 9. Qe2 Rc8 10. b3 Nxd5 11. Ba3 Nb4 12. Bxb4 Qxb4+ 13. Qd2 e6 14. Ne2 b5 15. a3 Qxb3 16. cxb5 Bxb5 17. 0-0 Rc2 18. Nd4 Rxd2 19. Nxb3 Rb2 0-1

[Event "SVK-chT2C 1213"]
[Site "Slovakia"]
[Date "2012.10.13"]
[Round "1.6"]
[White "Toma, Rudolf"]
[Black "Uhrincat, Ivan"]
[Result "1/2-1/2"]
[WhiteElo "2056"]
[BlackElo "2043"]
[PlyCount "56"]
[EventDate "2012.10.13"]
[EventType "team-tourn"]
[EventRounds "11"]
[EventCountry "SVK"]
[SourceTitle "EXT 2015"]
[Source "ChessBase"]
[SourceDate "2014.11.20"]
[SourceVersion "1"]
[SourceVersionDate "2014.11.20"]
[SourceQuality "1"]
[WhiteTeam "Detva Podpolanie"]
[BlackTeam "Banska Bystrica Kurta"]
[WhiteTeamCountry "SVK"]
[BlackTeamCountry "SVK"]

1. d4 Nf6 2. c4 g6 3. Nc3 d5 4. e3 Bg7 5. Nf3 0-0 6. b3 c5 7. Bb2 cxd4 8. Nxd4 Qa5 9. Qc1 e5 10. Nc2 Nc6 11. a3 d4 12. b4 Qd8 13. exd4 exd4 14. Nb1 Re8+ 15. Kd1 Ng4 16. Qf4 d3 17. Bxg7 dxc2+ 18. Kxc2 Bf5+ 19. Kb2 Kxg7 20. Nc3 Qf6 21. h3 Re4 22. Qf3 Rd8 23. hxg4 Rxg4 24. Rd1 Rxd1 25. Qxd1 Rd4 26. Qc1 h5 27. Kb3 Rd8 28. Nd5 Qd4 1/2-1/2

[Event "SVK-chT2C 0910"]
[Site "Slovakia"]
[Date "2010.02.06"]
[Round "8.5"]
[White "Vnenk, Lubomir"]
[Black "Uhrincat, Ivan"]
[Result "1-0"]
[WhiteElo "1865"]
[BlackElo "2069"]
[PlyCount "97"]
[EventDate "2009.10.10"]
[EventType "team-tourn"]
[EventRounds "11"]
[EventCountry "SVK"]
[SourceTitle "EXT 2011"]
[Source "ChessBase"]
[SourceDate "2010.11.26"]
[SourceVersion "1"]
[SourceVersionDate "2010.11.26"]
[SourceQuality "1"]
[WhiteTeam "Dolny Kubin"]
[BlackTeam "Banska Bystrica Kurta"]
[WhiteTeamCountry "SVK"]
[BlackTeamCountry "SVK"]

1. d4 Nf6 2. c4 g6 3. Nc3 d5 4. cxd5 Nxd5 5. e4 Nxc3 6. bxc3 Bg7 7. h3 0-0 8. Nf3 c5 9. Be3 Nc6 10. Bc4 Na5 11. Be2 Be6 12. 0-0 Bc4 13. Bf4 cxd4 14. cxd4 Rc8 15. Rc1 b5 16. Bxc4 Nxc4 17. Qb3 Qa5 18. Rfd1 Rfd8 19. e5 e6 20. Rd3 a6 21. Rcd1 Nb6 22. Bd2 Qa4 23. Bb4 Rc4 24. Bc5 Nd5 25. Qxa4 Rxa4 26. a3 Rc8 27. Rb3 Bf8 28. Bxf8 Kxf8 29. g3 Rc3 30. Rd3 Rac4 31. Kg2 Ke7 32. Rbxc3 Rxc3 33. Rxc3 Nxc3 34. Ne1 Kd7 35. Kf3 Kc6 36. Ke3 Nd1+ 37. Ke2 Nb2 38. Nc2 a5 39. f4 Kd5 40. Ke3 Kc4 41. Kd2 Kb3 42. g4 Nc4+ 43. Kc1 Nxa3 44. Nxa3 Kxa3 45. Kb1 Kb4 46. d5 exd5 47. f5 Kc5 48. f6 d4 49. e6 1-0

[Event "SVK-chT2C 0910"]
[Site "Slovakia"]
[Date "2009.11.07"]
[Round "3.5"]
[White "Kollar, Vladimir"]
[Black "Uhrincat, Ivan"]
[Result "0-1"]
[WhiteElo "2091"]
[BlackElo "2069"]
[PlyCount "68"]
[EventDate "2009.10.10"]
[EventType "team-tourn"]
[EventRounds "11"]
[EventCountry "SVK"]
[SourceTitle "EXT 2011"]
[Source "ChessBase"]
[SourceDate "2010.11.26"]
[SourceVersion "1"]
[SourceVersionDate "2010.11.26"]
[SourceQuality "1"]
[WhiteTeam "Zilina Central"]
[BlackTeam "Banska Bystrica Kurta"]
[WhiteTeamCountry "SVK"]
[BlackTeamCountry "SVK"]

1. d4 Nf6 2. Nf3 g6 3. c4 Bg7 4. Nc3 d5 5. e3 0-0 6. h3 a6 7. b3 c5 8. Bd2 cxd4 9. exd4 Nc6 10. Be3 Bf5 11. Bd3 Bxd3 12. Qxd3 Rc8 13. 0-0 dxc4 14. bxc4 e5 15. d5 Nb4 16. Qe2 Qc7 17. Nd2 b5 18. Rab1 Nc2 19. Rfc1 Nxe3 20. fxe3 bxc4 21. Rb4 Bh6 22. Rxc4 Qb6 23. Re1 Rxc4 24. Nxc4 Qc5 25. Na4 Qxd5 26. Rd1 Qb5 27. Nc3 Qc5 28. Na4 Qb4 29. Nab2 Rb8 30. Rd6 Ne4 31. Rxa6 Qc3 32. Qf3 Nd2 33. Nxd2 Bxe3+ 34. Kf1 Rxb2 0-1

[Event "SVK-chT2C 0809"]
[Site "Slovakia"]
[Date "2008.11.08"]
[Round "3.1"]
[White "Uhrincat, Ivan"]
[Black "Rzeszoto, Rastislav"]
[Result "1-0"]
[WhiteElo "2055"]
[BlackElo "1954"]
[PlyCount "77"]
[EventDate "2008.10.11"]
[EventType "team-tourn"]
[EventRounds "11"]
[EventCountry "SVK"]
[SourceTitle "EXT 2010"]
[Source "ChessBase"]
[SourceDate "2010.11.25"]
[SourceVersion "1"]
[SourceVersionDate "2010.11.25"]
[SourceQuality "1"]
[WhiteTeam "Banska Bystrica Kurta"]
[BlackTeam "Zilina Mladost II"]
[WhiteTeamCountry "SVK"]
[BlackTeamCountry "SVK"]

1. d4 Nf6 2. c4 e6 3. Nc3 d5 4. cxd5 exd5 5. Bg5 Be7 6. e3 c6 7. Bd3 h6 8. Bxf6 Bxf6 9. Qc2 0-0 10. Nge2 Be6 11. 0-0 Nd7 12. Rab1 c5 13. dxc5 Nxc5 14. Bh7+ Kh8 15. b4 g6 16. Bxg6 fxg6 17. bxc5 Bf5 18. e4 dxe4 19. Nxe4 g5 20. N2g3 Bg6 21. Rxb7 Qd4 22. Qd2 Bxe4 23. Qxd4 Bxd4 24. Nxe4 Rae8 25. Nd6 Re2 26. Nf7+ Kg7 27. Nxg5+ Kg6 28. Nf3 Bxc5 29. Rb5 Bb6 30. a4 Ra2 31. Ne5+ Kg7 32. Nf3 Rxa4 33. Rb2 Rg4 34. h3 Re4 35. Re1 Ra4 36. Rd1 Rf7 37. Ne5 Rf5 38. Nd7 Raf4 39. Nxb6 1-0